000
00293nam a2200133Ia 4500
100
_a
Roy/P.R/ Nigam/B.P
942
_c
BK
654
_a
nuclear
245
_a
Nuclear Physics
260
_b
WILEY EASTERN LIMITED
_a
New Delhi
_c
1983
082
_a
539.7
_b
ROY
300
_a
616
546
_a
ENGLISH
999
_c
25390
_d
25390